000 00201 a2200097 4500
001 8645
100 _aJamil Ahmad
245 _aHundred Great Muslims
260 _a
_bFerozsons
_c
090 _c6964
_d6964
942 _aNUST-CAE
_cM
_c33560
999 _c243718
_d243718